Plant hormones and their role in plant growth and development / (Record no. 15545)
[ view plain ]
| 000 -LEADER | |
|---|---|
| fixed length control field | 00585cam a2200181 a 4500 |
| 020 ## - INTERNATIONAL STANDARD BOOK NUMBER | |
| ISBN | 9024734975 |
| 020 ## - INTERNATIONAL STANDARD BOOK NUMBER | |
| ISBN | 9024734983 (pbk.) |
| 040 ## - CATALOGING SOURCE | |
| Transcribing agency | DLC |
| 082 00 - DEWEY DECIMAL CLASSIFICATION NUMBER | |
| Classification number | 581 NIJ 1987 A080 Or. |
| 245 00 - TITLE STATEMENT | |
| Title | Plant hormones and their role in plant growth and development / |
| 260 ## - PUBLICATION, DISTRIBUTION, ETC. (IMPRINT) | |
| Place of publication | Dordrecht ; |
| -- | Boston : |
| Name of publisher | M. Nijhoff ; |
| Place of publication | Hingham, MA, USA : |
| Name of publisher | Distributors for the U.S. and Canada, Kluwer Academic Publishers, |
| Year of publication | 1987. |
| 300 ## - PHYSICAL DESCRIPTION | |
| Number of Pages | vi, 681 p. : |
| Other physical details | ill. ; |
| Dimensions | 25 cm. |
| 650 #0 - SUBJECT ADDED ENTRY--TOPICAL TERM | |
| Topical Term | Plant hormones. |
| 650 #0 - SUBJECT ADDED ENTRY--TOPICAL TERM | |
| Topical Term | Growth (Plants) |
| 650 #0 - SUBJECT ADDED ENTRY--TOPICAL TERM | |
| Topical Term | Plants |
| 700 1# - ADDED ENTRY--PERSONAL NAME | |
| Personal name | Davies, Peter J., |
| 942 ## - ADDED ENTRY ELEMENTS (KOHA) | |
| Koha item type | សៀវភៅភាសាអង់គ្លេស |
| 952 ## - LOCATION AND ITEM INFORMATION (KOHA) | |
| Withdrawn status [LOCAL, KOHA] | 0 |
| Permanent Location | Date acquired | Koha item type | Lost status | Shelving location | Barcode | Current Location | Full call number |
|---|---|---|---|---|---|---|---|
| Library Block A | 2017-11-29 | សៀវភៅភាសាអង់គ្លេស | A080 | A06218 | Library Block A | 581 NIJ 1987 A080 Or. |